[Event "Oberliga NRW 0102 II"]
[Site "Germany"]
[Date "2002.05.05"]
[Round "9.3"]
[White "Majunke, Rainer"]
[Black "Meyer, Peter"]
[Result "0-1"]
[WhiteElo "2091"]
[BlackElo "2365"]
[PlyCount "70"]
[EventDate "2001.10.??"]
[EventType "team"]
[EventRounds "9"]
[EventCountry "GER"]
[SourceTitle "EXT 2004"]
[Source "ChessBase"]
[SourceDate "2003.11.25"]
[SourceVersion "1"]
[SourceVersionDate "2003.11.25"]
[SourceQuality "1"]
[WhiteTeam "Betzdorf Kirchen"]
[BlackTeam "Plettenberg"]
[WhiteTeamCountry "GER"]
[BlackTeamCountry "GER"]

1. c4 e5 2. Nc3 Nf6 3. Nf3 Nc6 4. g3 Bb4 5. Bg2 0-0 6. 0-0 d6 7. d3 h6 8. Bd2 a5 9. Ne1 Bc5 10. Nc2 Ne7 11. Be3 Bxe3 12. Nxe3 c6 13. d4 Qc7 14. Rc1 Ng6 15. dxe5 dxe5 16. Qc2 Ne7 17. Rfd1 Ne8 18. c5 Be6 19. Na4 f5 20. Nb6 Rb8 21. b3 e4 22. Qc3 f4 23. gxf4 Rxf4 24. Nec4 Nd5 25. Qe5 Qxe5 26. Nxe5 Nef6 27. Rd4 Rf5 28. Nec4 Nf4 29. Bf1 Rxc5 30. Rc2 Rg5+ 31. Kh1 Rf8 32. f3 c5 33. Rd1 exf3 34. exf3 N6d5 35. Nxd5 Bxd5 0-1

[Event "Oberliga NRW 9900 I"]
[Site "Germany"]
[Date "1999.12.20"]
[Round "3.4"]
[White "Vogelmann, Peter"]
[Black "Majunke, Rainer"]
[Result "1-0"]
[WhiteElo "2320"]
[BlackElo "2009"]
[PlyCount "75"]
[EventDate "1999.10.26"]
[EventType "team"]
[EventRounds "9"]
[EventCountry "GER"]
[SourceTitle "EXT 2001"]
[Source "ChessBase"]
[SourceDate "2000.11.22"]
[SourceVersion "1"]
[SourceVersionDate "2000.11.22"]
[SourceQuality "1"]
[WhiteTeam "Monheim"]
[BlackTeam "Betzdorf Kirchen"]
[WhiteTeamCountry "GER"]
[BlackTeamCountry "GER"]

1. e4 d6 2. d4 Nf6 3. Nc3 e5 4. Nf3 Nbd7 5. Bc4 Be7 6. 0-0 0-0 7. Re1 c6 8. a4 h6 9. h3 Re8 10. Ba2 a5 11. Qd3 Bf8 12. Be3 Qe7 13. Nh4 Nb8 14. Ng6 Qc7 15. Rad1 Na6 16. Nxf8 Nb4 17. Qc4 Nxa2 18. Qxa2 Rxf8 19. Qc4 Qb8 20. f4 d5 21. exd5 exf4 22. Bf2 Qd6 23. dxc6 bxc6 24. d5 cxd5 25. Nxd5 Nxd5 26. Rxd5 Qg6 27. Qd3 Qxd3 28. Rxd3 Be6 29. Re5 Rfc8 30. c3 Rcb8 31. Rd2 g5 32. Rb5 Rc8 33. Bb6 Rc4 34. Rd4 Kh7 35. Rc5 Rxc5 36. Bxc5 Kg6 37. Kf2 h5 38. h4 1-0